Дело об утверждении отказа господина Модзлевского, которым он завещал 4000 рублей серебром на учреждение стипендии для ученика у...

Доступно только в Электронных читальных залах Найти на картеНа карте
RUSMARC
00003793nmc2a22000003x 450
001f22fb193-07ee-4267-b178-1c182ec58359
00520200312005000.0
100##$a20180607l18821882k l0rusy0189 ca
1010#$arus
102##$aRU
2001#$aДело об утверждении отказа господина Модзлевского, которым он завещал 4000 рублей серебром на учреждение стипендии для ученика учебного заведения в городе Ломже
$j29-31 мая 1882 г.
251##$cДело
300##$aДело
801#0$aRU
$bРГИА
$c20180607
$gRCR
801#1$aRU
$bГлавНИВЦ
$c20180607
$2rusmarc
801#2$aRU
$bПБ им. Б.Н. Ельцина
$c20200312
$gRCR
$2rusmarc
850##$aРГИА
852##$aРГИА
$eФедеральное казенное учреждение "Российский государственный исторический архив" (РГИА)
$j857
937##$hРГИА
$d12230811
$aASBIBLIO_SCAN
462#0$10014f623d04-db1c-458f-af33-83b1e1ca26e7
$12001
$aДела разряда средних учебных заведений Департамента народного просвещения за 1873-1882 годы
$1251
$cОпись
$1852
$j164
461#0$1001a74412a3-3cc5-4d21-8f0a-dfe2fbd9e72d
$12001
$aДепартамент народного просвещения Министерства народного просвещения (1803-1917)
$1251
$cФонд
$1852
$j733
215##$a5 л.
$d36,5х26 см
371##$aДокумент не является опубликованным и широко распространяемым
105##$ay###
1222#$ad
035##$af22fb193-07ee-4267-b178-1c182ec58359
856##$uhttp://readingroom.main.prlib.ru/item.aspx?id_node=n143484076&mode=full
Формат отображения